हास्य-व्यंग्य रंग एकांकी / (Record no. 113725)

MARC details
000 -LEADER
fixed length control field 01065nam a22002537a 4500
005 - DATE AND TIME OF LATEST TRANSACTION
control field 20170124102957.0
010 ## - LIBRARY OF CONGRESS CONTROL NUMBER
LC control number B-089192
020 ## - INTERNATIONAL STANDARD BOOK NUMBER
Terms of availability 90.00
International Standard Book Number 817043217
035 ## - SYSTEM CONTROL NUMBER
System control number B-089192
037 ## - SOURCE OF ACQUISITION
Source of stock number/acquisition Cen Lib/Ret
040 ## - CATALOGING SOURCE
Original cataloging agency DPL
Language of cataloging HN
082 ## - DEWEY DECIMAL CLASSIFICATION NUMBER
Classification number 822
Item number वर्मारा
100 ## - MAIN ENTRY--PERSONAL NAME
Personal name वर्मा, रामगोपाल
9 (RLIN) 113092
245 ## - TITLE STATEMENT
Title हास्य-व्यंग्य रंग एकांकी /
Statement of responsibility, etc रामगोपाल वर्मा
246 ## - VARYING FORM OF TITLE
Title proper/short title Hasye-vyangye rang ekanki /
Remainder of title by Ramgopal Verma
260 ## - PUBLICATION, DISTRIBUTION, ETC. (IMPRINT)
Place of publication, distribution, etc दिल्ली
Name of publisher, distributor, etc आत्माराम एंड संस
Date of publication, distribution, etc 2003
270 ## - ADDRESS
City दिल्ली
Address कश्मीरी गेट
Postal code 110006
300 ## - PHYSICAL DESCRIPTION
Extent 111पृ.
Dimensions 20सेमी (सजिल्द)
650 ## - SUBJECT ADDED ENTRY--TOPICAL TERM
Topical term or geographic name as entry element हिन्दी -- साहित्य
9 (RLIN) 113093
650 ## - SUBJECT ADDED ENTRY--TOPICAL TERM
Topical term or geographic name as entry element हिन्दी -- एकांकी नाटक
9 (RLIN) 113094
650 ## - SUBJECT ADDED ENTRY--TOPICAL TERM
Topical term or geographic name as entry element Hindi -- Literature
9 (RLIN) 113095
650 ## - SUBJECT ADDED ENTRY--TOPICAL TERM
Topical term or geographic name as entry element Hindi -- One-act play
9 (RLIN) 53587
942 ## - ADDED ENTRY ELEMENTS (KOHA)
Source of classification or shelving scheme Dewey Decimal Classification
Koha item type Hindi Books
Classification part 822
Call number suffix वर्मारा
Holdings
Withdrawn status Lost status Damaged status Not for loan Home library Current library Date acquired Source of acquisition Cost, normal purchase price Total Checkouts Full call number Barcode Date last seen Date checked out Copy number Cost, replacement price Price effective from Koha item type
        Central Library Central Library 13/08/2015 Cen Lib/Ret 90.00 2 822 वर्मारा B-089192 11/04/2023 03/04/2023 1 90.00 13/08/2015 Hindi Books

© Delhi Public Library
Hit Counter
free hit counter